Canadian Provinces and Territories By Borders - Statistics

General Stats
  • This quiz has been taken 84 times
  • The average score is 11 of 13
Answers on the Map
Answers color-coded by a green-red scale on the quiz's map according to % correct below.
 
Answer Stats
P/T Province / Territory % Correct
Territory Northwest Territories
97%
Province Quebec
95%
Province British Columbia
93%
Province Ontario
93%
Province Manitoba
92%
Province Alberta
90%
Province Newfoundland and Labrador
88%
Province Saskatchewan
88%
Territory Yukon
88%
Territory Nunavut
83%
Province New Brunswick
75%
Province Nova Scotia
62%
Province Prince Edward Island
58%
No matching quizzes found
Score Distribution
Percent of People with Each Score
Percentile by Number Answered
Your Score History
You have not taken this quiz